000 00749nam a2200265 u 4500
003 UPN
005 20240322085507.0
008 190918s2005 ag a ar ||| 1|spa d
020 _a9500829819
020 _a9789500829816 (ISBN13)
035 _aUPN01000232931
040 _aMX-MxUPN
_bspa
_cMX-MxUPN
041 _aspa
050 4 _aPZ73
_bC378 2005
100 1 _aCastellanos, Ofelia
_942958
245 1 0 _aAgustina se duerme
250 _aPrimera edición
260 _aBuenos Aires :
_bAtlántida,
_c2005.
300 _a[8] páginas :
_bilustraciones
650 4 _96744
_aCuentos infantiles
700 1 _951348
_aBorlasca, Héctor Adrián
_eilustración
902 _bMaríaRobles/130324
942 _n0
_2lcc
_cLIBRO
999 _c205026
_d205026